000
00293nam a22001337a 4500
008
170401b xxu||||| |||| 00| 0 eng d
020
_a
9780495015970
041
_a
eng
080
_2
8TH
_a
574
100
_a
9
101
_a
SHM
245
_a
SUSTAINING THE EARTH
_c
MILLER, G.T
942
_2
udc
_c
BK
999
_c
9434
_d
9434